000 00340 a2200145 4500
001 166394
020 _a
040 _cMagnum
100 _aMartins, Pura Lucia Oliver
240 1 0 _aA didatica e as contradicoes da pratica
_lpor
245 1 0 _aA didatica e as contradicoes da pratica
362 0 _a1899
697 _aENSINO
942 _cBK
999 _c166394
_d166394